000 00724cam a2200265 4500
001 J87552
008 090401t1997 xxu||||| |||| 00| 0 eng d
035 _a(Sirsi) u81943
041 _aeng
050 _a333.337
110 _aStrutt & Parker
_92509
245 4 _aThe business park index. - July 1997
260 _aLondon
_bInvestment Property Databank
_c1997
260 _aLondon
_bStrutt & Parker
_c1997
300 _a(12)p. : ill. ; 30cm.
350 _a0
650 _aBUSINESS PARK INDEX
650 _aBUSINESS PARKS
650 _aOFFICE PARKS
650 _aPROPERTY INDICES
690 _aPROPERTY-COMMERCIAL PROPERTY
710 _aInvestment Property Databank
_92288
942 _n0
948 _c07/11/1997
999 _c96757
_d96757